00682nam a2200217Ia 4500003000400000005001700004008004100021040000700062041000800069082002000077100003400097245002800131260003700159365001300196650002200209650003000231906002600261942001200287999001900299952014600318OSt20230605155724.0210423s2003 xx 000 0 und d cAL aeng a307.76 NARU223 aNARASAIAH (M Lakshmi)9119666 aUrbanisation and cities bDiscovery Publishing Housec2003 b275cINR aSociology9119667 aUrban Communities9119668 acities ; Urbanisation 2ddccBK c173780d173780 001040708MSWaSACPGbSACPGd2003-09-04eSita Book Houseg275.00l1o307.76 NARUpPG020428r2022-08-24 00:00:00s2022-05-09w2021-04-26yBK